000 00792nam a2200265Ia 4500
001 Para_5446
003 CHAP
008 220125s1924 xx 000 0 und d
010 _a203787
040 _cCHAP
090 _aPA FOLLETO 2787
110 _aEUA. Department of Agriculture
_938805
245 _aDepartment bulletins nos. 1126-1150 :
_b with contents and index /
_c Department of Agriculture
260 _aWashington :
_b The Department
300 _a15 p.
440 _aEUA. Dep. of Agri. Bull.; 1126-1150
_9169696
650 _aAgricultura y ganaderĂ­a
_x BibliografĂ­a
_92076
901 _aPA FOLLETO 2787
902 _aA
905 _a0000001924 WAS 0000000000 00
910 _a1924
942 _cPARA
942 _cPARA
_d1
999 _c203787
_d203787